El imperio de los Habsburgo: 1273-1918
Salvato in:
| Autore principale: | |
|---|---|
| Natura: | Libro |
| Lingua: | spagnolo |
| Pubblicazione: |
Barcelona, España
Crítica
1993
|
| Serie: | Serie Mayor
|
| Soggetti: | |
| Tags: |
Aggiungi Tag
Nessun Tag, puoi essere il primo ad aggiungerne!!
|
MARC
| LEADER | 00000nam a2200000 a 4500 | ||
|---|---|---|---|
| 001 | UCN7898 | ||
| 003 | CL-VaPUC | ||
| 005 | 20210521001548.0 | ||
| 008 | 011026e19930000SP |||||||||||||||||spa|d | ||
| 999 | |c 298085 |d 298083 | ||
| 040 | |c Pontificia Universidad Católica de Valparaíso | ||
| 082 | 0 | 4 | |a 946.02 BER 1993 |2 21 |
| 100 | 0 | |a Bérenger, Jean |e author |9 464126 | |
| 245 | 1 | 3 | |a El imperio de los Habsburgo: |b 1273-1918 |
| 260 | |a Barcelona, España |b Crítica |c 1993 | ||
| 300 | |a 693 páginas | ||
| 490 | 0 | |a Serie Mayor | |
| 583 | |a last modification |c 20011026 00:00:00 |k Rodrigo Vera | ||
| 650 | 0 | |a Historia de España |9 315435 | |
| 650 | 7 | |a EMPERADORES |2 CL-VaPUC |9 333943 |z ESPAÑA | |
| 650 | 7 | |a MONARQUIA ESPAÑOLA |2 CL-VaPUC |9 464128 | |
| 852 | |a BIBCUR | ||
| 942 | |c BK |2 ddc | ||
| 945 | |d 20011026 00:00:00 |a cmena | ||
| 952 | |0 0 |1 0 |2 ddc |4 0 |6 946_020000000000000_BER_1993 |7 0 |8 A |9 353418 |a BIBHIS |b BIBHIS |d 2019-11-21 |i 376561K |o 946.02 BER 1993 |p 376561K |r 2025-01-20 |t 1 |w 2019-11-21 |y BK |k HIS | ||